| 000 | 01134cam a2200325 a 4500 | ||
|---|---|---|---|
| 001 | 15885743 | ||
| 005 | 20170105102908.0 | ||
| 008 | 090828s2010 nyua b 001 0 eng | ||
| 010 | _a 2009036125 | ||
| 020 | _a9780230619371 (alk. paper) | ||
| 020 | _a0230619371 (alk. paper) | ||
| 035 | _a(OCoLC)ocn434745274 | ||
| 040 |
_aDLC _cDLC _dYDX _dYDXCP _dCDX _dBWX _dIXA _dDLC |
||
| 042 | _apcc | ||
| 043 |
_aa-ii--- _aa-pk--- |
||
| 050 | 0 | 0 |
_aJZ1737.A57 _bP18 2010 |
| 082 | 0 | 0 |
_a327.5405491 _222 |
| 100 | 1 | _aMisra, Ashutosh. | |
| 245 | 1 | 0 |
_aIndia-Pakistan : _bcoming to terms / _cAshutosh Misra. |
| 260 |
_aNew York : _bPalgrave Macmillan, _c2010. |
||
| 300 |
_axvii, 266 p. : _bill. ; _c22 cm. |
||
| 490 | 1 | _aPalgrave series on Asian governance | |
| 504 | _aIncludes bibliographical references (p. [245]-257) and index. | ||
| 651 | 0 |
_aIndia _xRelations _zPakistan. |
|
| 651 | 0 |
_aPakistan _xRelations _zIndia. |
|
| 830 | 0 | _aPalgrave series on Asian governance. | |
| 906 |
_a7 _bcbc _corignew _d1 _eecip _f20 _gy-gencatlg |
||
| 942 |
_2ddc _cBK |
||
| 999 |
_c14968 _d14968 |
||